| 000 | 00784cam a2200241 4500 | ||
|---|---|---|---|
| 001 | ABS62128 | ||
| 008 | 000000n2000 000 0 eng u | ||
| 035 | _a(Sirsi) u105438 | ||
| 100 | _aBarnes, R. | ||
| 245 | 4 | _aThe consultants' catch-22 | |
| 260 | _c2000 | ||
| 490 |
_aBuilding _v265(8131) 7 April 2000. 64-65(2) |
||
| 520 | _aDiscusses why consultants must take care over the wording and timing of certificates and letters to clients to avoid action for negligent misstatement. | ||
| 590 | _aABS | ||
| 650 | _aCERTIFICATES | ||
| 650 | _aLETTERS | ||
| 650 | _aCONSULTANTS | ||
| 650 | 0 | _aNEGLIGENT MISSTATEMENT | |
| 650 | _aNEGLIGENCE | ||
| 650 | 0 | _aENVIRONMENT AGENCY V HILSON MORAN PARTNERSHIP | |
| 690 | _aBUILT ENVIRONMENT-BUILDING CONTRACT FORMS | ||
| 942 | _n0 | ||
| 999 |
_c63175 _d63175 |
||